000 00864nam a22002297a 4500
003 dpl
005 20260428160429.0
008 260428b |||||||| |||| 00| 0 eng d
010 _aB-777967
020 _a9789357315050
_c650.00
035 _aB-777967
037 _adpl
_bUppal Book Store
040 _cDPL
082 _a032.02
245 _aLimca book of records, 2026
_bIndia on the Move
_cedited by Anirban Sarkar
260 _aGurugram
_bHachette Book Publishing India Pvt. Ltd.
_c2026
270 _a4th & 5th Floors, Corporate Center, Plot No. 94,Sector 44
_bGurugram
_e122003
300 _a504 p.
_bill.
_c27cm(Hb)
500 _aColored Illustrations and pictures
942 _2ddc
_cRF
_h030.02
_mLIM
999 _c216027
_d216027